000 01217nam a2200277 a 4500
001 000000449
003 OSt
005 20260321073637.0
008 081127s1968 mx 000 0 spa d
040 _aDO-SdBNP
_bspa
_cBNPHU
082 _a355.033573
_bB742p, 1968
100 1 _a Bosch, Juan,
_d1909-2001
_976555
245 1 3 _aEl pentagonismo, sustituto del imperialismo /
_cJuan Bosch.
260 _aMéxico, D. F. :
_bSiglo XXI,
_c1968.
300 _a147 p. ;
_c15 cm.
490 1 _aMínima ;
_v12
505 0 _tPrefacio --
_tQué es el pentagonismo
_tEl nacimiento del pentagonismo --
_tExpansión del pentagonismo --
_tLa sociedad pentagonizada --
_tPolítica y pentagonismo --
_tDoctrina y moral del pensamiento --
_tEl pentagonismo y América Latina --
_tEl pentagonismo hacia el poder total --
_tApéndice al prefacio --
_tApéndice I --
_tApéndice II --
_tApéndice III.
590 _aInventariado, 2018/ YL
650 0 _aImperialismo
_91499
651 4 _aEstados Unidos
_xPolítica Militar
_91496
651 4 _aEstados Unidos
_xSeguridad Nacional
_91497
651 4 _aEstados Unidos
_xRelaciones Exteriores
_91498
830 0 _aMínima
_n12
_91500
910 _aValidado. Control de calidad MMOLINA
942 _2ddc
_cLBS1
999 _c447
_d447